Football Players by Picture #15 - Youngsters 2019 - Statistics

General Stats
  • This quiz has been taken 4,279 times
  • The average score is 11 of 16
Answer Stats
Picture Answer % Correct
Phil Foden
94%
João Félix
88%
Kai Havertz
88%
Matthijs de Ligt
88%
Erling Braut Håland
87%
Mason Mount
87%
Alphonso Davies
85%
Tammy Abraham
77%
Rodrygo
75%
Jadon Sancho
70%
Mattéo Guendouzi
56%
Callum Hudson-Odoi
48%
Nicolò Zaniolo
41%
Donyell Malen
40%
Jean-Clair Todibo
26%
Mickaël Cuisance
9%
No matching quizzes found
Score Distribution
Percent of People with Each Score
Percentile by Number Answered
Your Score History
You have not taken this quiz